Estatísticas para REALITYS SHOW BRASILEIROS

Clique aqui para jogar o quiz

Estatísticas Gerais

  • Esse quiz foi jogado 27 vezes
  • A pontuação média é 9 de 20

Estatísticas das Respostas

DicaResponder% Correto
Apresentador BBB 14Pedro Bial
100%
De Férias com o?Ex
89%
Paredão Falso BBB 16Ana Paula
84%
Desistente BBB 22Tiago Abravanel
79%
Botão Quarto Branco BBB 20Manu Gavassi
68%
Apresentadora MasterChefAna Paula Padrão
63%
Apresenta Power Couple Brasil e A FazendaAdriane Galisteu
58%
Foi jurada do MasterChefPaola Carosella
42%
Apresentou Casa Dos ArtistasSilvio Santos
42%
Primeiro apresentador do Power Couple BrasilRoberto Justus
37%
Campeã A Fazenda 14Barbara Borges
32%
Desistente A Fazenda 14Deolane
32%
Campeão BBB 12Fael
26%
Apresentou No LimiteZeca Camargo
26%
BBB, No Limite e A FazendaBil Araujo
21%
Expulsa A Fazenda 10Nadja
16%
Campeões MasterChef+Astro e Pietro
11%
Quinta Eliminada BBB 17Elis
11%
Campeã A Fazenda 5Viviane Araujo
11%
Vice Campeões Power Couple Brasil 3Aritana e Paulo
5%

Distribuição das Pontuações

Percentil de Números Respondidos

Porcentagem de Pessoas com Cada Pontuação

Sua Pontuação Histórica

Você não jogou esse quiz